00669nam a2200169Ia 4500008004100000040001800041041000800059100002200067245011300089260005900202300001800261651003200279651005700311651005100368651005700419651002300476130821s2002 pn gr spa  aCo-BoUCMbspa00aspa1 aRoyo, Arístides13aLa frustrada derogatoria de la Ley 96-70 un episodio poco conocido de la historia del CanalcAristides Royo aPanamá (Panamá, Suramérica)bPoligráficac2002 a249 páginas 7aCanal de PanamáxHistoria 7aEstados UnidosbRelaciones internacionaleszPanamá 7aPanamábRelaciones internacionalesxHistoria 7aPanamábRelaciones internacionaleszEstados Unidos 7aPanamáxHistoria